[Event "VIII Festival A"]
[Site "Belpasso ITA"]
[Date "2000.03.26"]
[Round "4"]
[White "Bentivegna, Francesco"]
[Black "Alaimo, Riccardo"]
[Result "0-1"]
[WhiteElo "2173"]
[BlackElo "2115"]
[PlyCount "70"]
[EventDate "2000.03.25"]

1. e4 c5 2. d4 cxd4 3. c3 Nf6 4. e5 Nd5 5. Nf3 Nc6 6. Bc4 Nb6 7. Bb3 d5 8. exd6
Qxd6 9. O-O e6 10. cxd4 Be7 11. Nc3 O-O 12. a3 Nd5 13. Qe2 Nxc3 14. bxc3 b6 15.
Ne5 Nxe5 16. Bf4 Ba6 17. Qh5 Qd8 18. Bxe5 Bxf1 19. Rxf1 Bf6 20. Bf4 Rc8 21. Qf3
Qd7 22. Rc1 Rfd8 23. a4 a6 24. Bc2 Qc6 25. Qe2 b5 26. axb5 axb5 27. Be4 Qb6 28.
Bd2 b4 29. Rb1 Be7 30. g3 Qa7 31. cxb4 Qxd4 32. Be1 Rc4 33. Bf3 Bxb4 34. Qa2
Bxe1 35. Rd1 Qxf2+ 0-1

[Event "VIII Festival A"]
[Site "Belpasso ITA"]
[Date "2000.04.01"]
[Round "5"]
[White "Alaimo, Riccardo"]
[Black "Licciardello, Salvatore"]
[Result "1/2-1/2"]
[WhiteElo "2115"]
[BlackElo "1876"]
[PlyCount "92"]
[EventDate "2000.03.25"]

1. e4 c6 2. d4 d5 3. Nd2 dxe4 4. Nxe4 Nd7 5. Nf3 Ngf6 6. Ng3 e6 7. Bd3 c5 8.
O-O Be7 9. Qe2 O-O 10. Rd1 b6 11. c4 Bb7 12. dxc5 Bxc5 13. Bf4 Qc8 14. Rac1 Rd8
15. Bb1 Qc6 16. Qc2 Rac8 17. a3 a5 18. Bg5 g6 19. Qc3 Be7 20. Rxd7 Rxd7 21.
Bxf6 Bxf6 22. Qxf6 Rcd8 23. h4 Rd1+ 24. Kh2 Qc7 25. Rxd1 Rxd1 26. Bc2 Qd8 27.
Qxd8+ Rxd8 28. Ne4 h6 29. Kg3 f5 30. Ned2 e5 31. Nf1 Bxf3 32. Kxf3 Rd4 33. g3
Kg7 34. b3 a4 35. Ke3 Kf6 36. Nd2 axb3 37. Bxb3 g5 38. hxg5+ hxg5 39. Nb1 f4+
40. gxf4 gxf4+ 41. Ke2 e4 42. Nc3 Ke5 43. Nd5 Rd3 44. Bc2 Rxa3 45. Nxb6 Kd4 46.
Nd5 e3 1/2-1/2